Online
Catalog

La astreinte en lo contencioso-administrativo / (Record no. 3147)

MARC details
000 -CABECERA
campo de control de longitud fija 01609nam a2200349 i 4500
001 - NÚMERO DE CONTROL
campo de control 000003316
003 - IDENTIFICADOR DEL NÚMERO DE CONTROL
campo de control DO-SdBNP
005 - FECHA Y HORA DE LA ÚLTIMA TRANSACCIÓN
campo de control 20260128083357.0
007 - CAMPO FIJO DE DESCRIPCIÓN FÍSICA--INFORMACIÓN GENERAL
campo de control de longitud fija ta
008 - DATOS DE LONGITUD FIJA--INFORMACIÓN GENERAL
campo de control de longitud fija 090707s1989 dr c r 000 0 spa d
040 ## - FUENTE DE LA CATALOGACIÓN
Centro catalogador/agencia de origen DO-SdBNP
Lengua de catalogación spa
Centro/agencia transcriptor BNPHU
Normas de descripción rda
082 #4 - NÚMERO DE LA CLASIFICACIÓN DECIMAL DEWEY
Número de clasificación 342.7293066
Número de documento/Ítem Y47a
Número de edición 22
100 1# - ENTRADA PRINCIPAL--NOMBRE DE PERSONA
Nombre de persona Yépez Suncar, Luis S.
Forma completa/desarrollada del nombre Luis Sebastián
9 (RLIN) 10416
Término indicativo de función/relación autor
245 13 - MENCIÓN DE TÍTULO
Título La astreinte en lo contencioso-administrativo /
Mención de responsabilidad, etc. Luis S. Yépez Suncar ; prólogo, Néstor Contín Aybar.
250 ## - MENCIÓN DE EDICIÓN
Mención de edición Segunda edición
264 ## - PRODUCCIÓN, PUBLICACIÓN, DISTRIBUCIÓN, FABRICACIÓN Y COPYRIGHT
Producción, publicación, distribución, fabricación y copyright Santo Domingo :
Nombre del de productor, editor, distribuidor, fabricante Corripio,
Fecha de producción, publicación, distribución, fabricación o copyright 1989.
300 ## - DESCRIPCIÓN FÍSICA
Extensión 143 páginas :
Otras características físicas ilustraciones; retratos ;
Dimensiones 22 cm.
336 ## - TIPO DE CONTENIDO
Fuente rdacontent
Término de tipo de contenido texto
Código de tipo de contenido txt
337 ## - TIPO DE MEDIO
Fuente rdamedia
Nombre/término del tipo de medio sin mediación
Código del tipo de medio n
338 ## - TIPO DE SOPORTE
Fuente rdacarrier
Nombre/término del tipo de soporte volumen
Código del tipo de soporte nc
500 ## - NOTA GENERAL
Nota general Incluye datos biográficos del autor en la solapa.
500 ## - NOTA GENERAL
Nota general Incluye referencias bibliográficas y notas a pie de páginas
500 ## - NOTA GENERAL
Nota general Incluye índice
500 ## - NOTA GENERAL
Nota general Presentado originalmente como trabajo de grado a la Facultad de Ciencias Jurídicas y Políticas de la Universidad Nacional Pedro Henríquez Ureña, para obtención de grado de Licenciado en Derecho.
504 ## - NOTA DE BIBLIOGRAFÍA, ETC.
Nota de bibliografía, etc. Bibliografía: páginas 127-130
586 ## - NOTA DE PREMIOS
Nota de premios Este libro fue premiado por la Federación Interaméricana de Abogados, en la XXVI conferencia de la entidad internacional, celebrada del 9-15 de mayo del 1987, en Buenos Aires, Argentina.
590 ## - NOTA LOCAL (RLIN)
Nota local Inventariado, 2023/BT
650 #7 - PUNTO DE ACCESO ADICIONAL DE MATERIA--TÉRMINO DE MATERIA
Término de materia o nombre geográfico como elemento de entrada Ejecución (Derecho)
Subdivisión geográfica República Dominicana
9 (RLIN) 10417
Fuente del encabezamiento o término LIBRUNAM
700 1# - PUNTO DE ACCESO ADICIONAL--NOMBRE DE PERSONA
Nombre de persona Contín Aybar, Néstor,
Término indicativo de función/relación prólogo
9 (RLIN) 10408
910 ## - DATOS DE OPCIÓN DEL USUARIO (OCLC)
Datos de opción del usuario Btavárez
942 ## - ELEMENTOS DE PUNTO DE ACCESO ADICIONAL (KOHA)
Fuente del sistema de clasificación o colocación Dewey Decimal Classification
Tipo de ítem Koha Libro
Holdings
Estado de retiro Estado de pérdida Fuente del sistema de clasificación o colocación Restricciones de uso No para préstamo Código de colección Localización permanente Ubicación/localización actual Ubicación en estantería Fecha de adquisición Total de préstamos Signatura topográfica completa Código de barras Fecha visto por última vez Precio válido a partir de Tipo de ítem Koha Fuente de adquisición Número de copia Nota pública
    Dewey Decimal Classification Excluido de préstamo   Patrimonio Dominicano Biblioteca Nacional Pedro Henríquez Ureña Biblioteca Nacional Pedro Henríquez Ureña En catalogación 07.07.2009   BNPHU PD 342.7293 Y47a 3316-10 25.06.2020 25.06.2020 Libro      
    Dewey Decimal Classification Excluido de préstamo   Patrimonio Dominicano Biblioteca Nacional Pedro Henríquez Ureña Biblioteca Nacional Pedro Henríquez Ureña Depósito 06.10.2023   BNPHU PD 342.7293066 Y47a 2023-6741 06.10.2023 06.10.2023 Libro Donación e.2 Perteneció a la biblioteca personal de Bárbara Suncar.

Powered by Koha